000 00375nam a2200145Ia 4500
008 120925t2006 xxu||||| |||| 00| 0 eng d
041 _aeng
080 _a8-3 (Youth)
_bVAS
245 _aVasilisa The Beautiful
260 _aKurulu Book Publishers
_aRajagiriya
_c2006
300 _b234p, ill, 24 cm
942 _cBK
999 _c41286
_d41286
003 LK-CoDNM
040 _aLK-CoDNM
_dLK-CoDNM
_eLK-CoDNM